Ведомости (не составляющие групп) с указанием: уездов, фамилий владельцев, числа сделок, числа приступивших к ним крестьян, коли...

Доступно только в Электронных читальных залах Найти на картеНа карте
RUSMARC
00003732nmc2a2200000 x 450
001b63d107b-617f-47e7-be5f-27904d342cf1
00520160106073308.0
100##$a20150318l18611895k l0rusy0189 ca
1010#$arus
102##$aRU
2001#$aВедомости (не составляющие групп) с указанием: уездов, фамилий владельцев, числа сделок, числа приступивших к ним крестьян, количества выкупаемой земли, разрешенной крестьянам выкупной ссуды, удержанного банкового долга, сумм, назначенных к выдаче помещикам, и сроков по Виленской губернии с указанием сроков: 1 ноября 1865 года, февраля 1868 года, февраля 1870 года
$j[1861-1895] гг.
251##$cДело
300##$aДело
801#0$aRU
$bРГИА
$c20150318
$gRCR
801#1$aRU
$bГлавНИВЦ
$c20150318
$2rusmarc
801#2$aRU
$bПБ им. Б.Н. Ельцина
$c20160106
$gRCR
$2rusmarc
850##$aРГИА
852##$aРГИА
$eФедеральное казенное учреждение "Российский государственный исторический архив" (РГИА)
$j1730
937##$hРГИА
$d11293020
$aASBIBLIO_SCAN
462#0$10013826a62a-52d3-408e-b545-2019664385f0
$12001
$a1861-1895 гг.
$1251
$cОпись
$1852
$j50
461#0$10018ef30ad5-ff5c-4840-a721-74c62a200f95
$12001
$aГлавное выкупное учреждение Министерства финансов
$1251
$cФонд
$1852
$j577
215##$a18 л.
$d36,5х26 см
371##$aДокумент не является опубликованным и широко распространяемым
105##$ay###
1222#$ad
035##$ab63d107b-617f-47e7-be5f-27904d342cf1
Формат отображения